| 000 | 01129cas a22002535 4500 | ||
|---|---|---|---|
| 001 | L152495 | ||
| 008 | 111219c2011 xxuqr ws s 0 a0eng u | ||
| 035 | _a(Sirsi) u152495 | ||
| 041 | 0 | _aeng | |
| 050 | _a333.33 $2 18 | ||
| 110 | 2 |
_aCBRE Global Investors _95985 |
|
| 245 | 0 | 0 |
_aU.S. Propertywatch _h[electronic resource] |
| 260 |
_a[S.l.] _bCBRE Investors _c2011 |
||
| 362 | 0 | _aCurrent issue only | |
| 490 | 0 |
_aCBRE Global Investors U.S. Propertywatch _vFall 2011- |
|
| 520 | _aProvides an overview of the US property investment market covering the NCREIF Property Index, office, industrial, retail, full-service hotel, apartment and for-sale residential sectors. | ||
| 554 | _aTwo per year | ||
| 650 | 2 | 4 | _aCBRE GLOBAL INVESTORS U.S. PROPERTYWATCH |
| 651 | 4 |
_aUnited States _y1959- |
|
| 690 | _aPROPERTY-COMMERCIAL PROPERTY-COMMERCIAL PROPERTY MARKET | ||
| 690 | _aPROPERTY-COMMERCIAL PROPERTY-COMMERCIAL PROPERTY FINANCE AND INVESTMENT | ||
| 856 | 4 | 0 |
_uhttps://www.cbreglobalinvestors.com/research/publications/Pages/propertywatch.aspx _zView the report free of charge at www.cbreglobalinvestors.com |
| 942 | _n0 | ||
| 999 |
_c119316 _d119316 |
||